| 000 | 02354nam0a2200409 4500 | ||
|---|---|---|---|
| 001 | RU\NLR\bibl\132527 | ||
| 005 | 20260407093420.0 | ||
| 010 |
_a5-7174-0255-4 _9100 |
||
| 021 |
_aRU _b2000-41748 _91925 |
||
| 035 | _a(NLR Aleph) 000129813 | ||
| 090 |
_a741114 _c741114 |
||
| 100 | _a20001204d2000 |||y0rusy50 ca | ||
| 101 | 0 | _arus | |
| 102 | _aRU | ||
| 105 | _aa ||||||||| | ||
| 200 | 1 |
_aСоциометрическая методика диагностики межличностных отношений в группах учащихся _eПособие по курсу "Основы социологии" _fСамар. ин-т повышения квалификации и переподгот. работников образования, Центр проф. образования Самар. обл., Социол. лаб. _g[Составитель Коробова Е. В.] |
|
| 210 |
_aСамара _cИзд-во СИПКРО _d2000 |
||
| 215 |
_a57 с. _cил. _d21 |
||
| 225 | 1 |
_aПовышение квалификации работников начального профессионального образования _vВып. 2 |
|
| 320 | _aБиблиогр.: с. 56 | ||
| 606 | 0 |
_aМежличностные отношения в ученическом коллективе _jМетодические пособия _91537123 _3RU\NLR\auth\66669956 |
|
| 606 | 0 |
_aУченический коллектив _jМетодические пособия _xМежличностные отношения _92194564 _3RU\NLR\auth\661319047 |
|
| 610 | 0 | _aУченический коллектив школьный - социологические исследования | |
| 610 | 0 | _aОбщение детей - социологические исследования | |
| 675 |
_a373.1:316.6 _v3 _zrus |
||
| 686 |
_a14.23 _2rugasnti |
||
| 686 |
_a88.5 _2rubbk |
||
| 686 | _aС550.55я78 | ||
| 701 | 1 |
_aКоробова _bЕ. В. _4070 |
|
| 712 | 0 | 2 |
_4570 _aСамарский институт повышения квалификации и переподготовки работников образования _3RU\NLR\AUTH\889917123 _9330417 |
| 801 | 0 |
_aRU _bRKP _c20001204 _gPSBO |
|
| 801 | 1 |
_aRU _bRKP _c20001204 |
|
| 801 | 2 |
_aRU _bNLR _c20030630 _grcr |
|
| 852 |
_aNLR _j2001-4/311 |
||
| 942 | _cBOOK | ||
| 980 | _aNB | ||